Quiz Code de la route - 1 - Statistiques

Statistiques générales
  • Ce quiz a été pris 810 fois
  • Le résultat moyen est 9 sur 15
Statistiques - réponses
Question Réponse % Correct
Quelle est la vitesse maximale autorisée en agglomération ? 50 km/h
89%
De quel couleur est le panneau d'interdiction blanc bordé de rouge
86%
Que signifie un panneau de signalisation en forme de triangle avec un fond blanc et une bordure rouge ? Indication d'un danger
85%
Que signifie un panneau de signalisation avec un cercle rouge et un fond blanc, contenant un chiffre noir ? Limitation de vitesse
85%
Que devez-vous faire si vous êtes impliqué dans un accident sans blessé ? Échanger vos coordonnées et remplir un constat amiable
76%
Quelle est la vitesse maximale sur une departementale 80 km/h
73%
Que devez-vous faire si vous voyez un panneau indiquant une zone de rencontre ? Céder la priorité aux piétons et rouler à une vitesse maximale de 20 km/h
72%
Dans quelle situation pouvez-vous franchir une ligne continue ? Pour éviter un obstacle sur la route
61%
Quelle est la durée de validité d'un contrôle technique pour un véhicule de plus de 4 ans ? 2 ans
60%
Quelle est la sanction pour un excès de vitesse de plus de 50 km/h au-dessus de la limite autorisée ? Amende de 1500 euros, suspension du permis et confiscation du véhicule
53%
Quelle est le sanction après avoir dépasser la limite de vitesse de plus de 40 km/h - 4 points sur le permis et + 135 euros d'amendes
40%
Vous abordez une intersection en T où vous arrivez par la barre du T. Un panneau « Cédez le passage » est présent pour votre voie. Un cycliste arrive par la droite, et une voiture par la gauche, les deux circulant sur la route prioritaire. Vous souhaitez tourner à gauche. Qui passe en premier ? La voiture passe en premier, puis le cycliste, puis moi.
27%
Quelle est la distance d'arrêt totale d'un véhicule roulant à 90 km/h sur une route sèche ? Environ 90 mètres
25%
À quelle distance minimale devez-vous placer le triangle de signalisation en cas de panne sur l'autoroute ? 100 mètres
22%
Quelle est la durée maximale de conduite continue autorisée pour un conducteur de poids lourd ? 4 heures 30 minutes
17%
Aucun quiz correspondant
Distribution des résultats
% des personnes avec chaque résultat
Percentile par nombre de réponses
Votre historique - résultats
Vous n’avez pas pris ce quiz